000 00316nam a2200133Ia 4500
008 230917s9999||||xx |||||||||||||| ||und||
040 _e157678
_aMAIN
041 _aEnglish
082 _a970 H782H
245 0 _aHorizon 4 (3); 1961
260 _aNew York
_bAmerican Horizon
_c1962
300 _a125 p.
942 _cBK
999 _c233120
_d233120